00305nam a2200109Ia 4500008004000000020001800040082001300058100002300071245005000094260004300144300000800187210210b1983 xxu||||| |||| 00| 0 eng d a0 7069 1209 8 a364 RAOC aRAO (Venugopal S). aCrime in our society a political perspective. aNDbVikas publishing house ltd.,c1983 a153